[Event "Geraardsbergen op 28th"]
[Site "Geraardsbergen"]
[Date "2012.08.11"]
[Round "2"]
[White "Lucas, Jean Jacques"]
[Black "Barbier, Wim"]
[Result "0-1"]
[WhiteElo "1797"]
[BlackElo "2151"]
[PlyCount "72"]
[EventDate "2012.08.11"]
[EventType "swiss"]
[EventRounds "9"]
[EventCountry "BEL"]
[SourceTitle "EXT 2013"]
[Source "ChessBase"]
[SourceDate "2012.11.22"]
[SourceVersion "1"]
[SourceVersionDate "2012.11.22"]
[SourceQuality "1"]

1. e4 d6 2. d4 Nf6 3. Bd3 e5 4. c3 d5 5. dxe5 Nxe4 6. Bxe4 dxe4 7. Qa4+ Bd7 8. Qd4 c5 9. Qe3 Qc7 10. Nd2 Qxe5 11. Qxe4 Qxe4+ 12. Nxe4 Bc6 13. f3 Nd7 14. Bf4 0-0-0 15. Nd6+ Bxd6 16. Bxd6 Rhe8+ 17. Kf2 Ne5 18. Bxe5 Rxe5 19. Re1 Rd2+ 20. Re2 Rexe2+ 21. Nxe2 Bb5 22. Re1 Rxb2 23. a3 Kc7 24. Ke3 Bxe2 25. Rxe2 Rxe2+ 26. Kxe2 Kb6 27. Kd3 Kb5 28. a4+ Kxa4 29. Kc4 b6 30. f4 a5 31. g4 b5+ 32. Kxc5 b4 33. cxb4 axb4 34. Kc4 Ka3 35. f5 b3 36. Kc3 Ka2 0-1